Análisis y simulación del diagrama digital de estados

Gorde:
Xehetasun bibliografikoak
Egile nagusia: Fung Ho, José J
Formatua: Liburua
Argitaratua: San José, Costa Rica 1991
Gaiak:
Etiketak: Etiketa erantsi
Etiketarik gabe, Izan zaitez lehena erregistro honi etiketa jartzen!

MARC

LEADER 00000nam a2200000Ia 4500
003 005021
005 20221231144331.0
008 140114s1991 cr a m 000 ||s d
040 |c cru CEDI 
090 |a TFG 2380 
100 |a Fung Ho, José J  |9 12932 
245 |a Análisis y simulación del diagrama digital de estados 
260 |c 1991  |a San José, Costa Rica 
300 |a  xi, 193 hojas : ilustraciones ; 28 cm  
500 |a  Proyecto de graduación (licenciatura en ingeniería eléctrica)--Universidad de Costa Rica. Facultad de Ingeniería. Escuela de Ingeniería Eléctrica 
650 |x SISTEMAS DE TRANSMISION DE DATOS - PROGRAMAS PARA COMPUTADORA  |9 12933 
942 |c TFG  |2 ddc 
999 |c 20311  |d 20311